| 000 | 01068nam a22002415i 4500 | ||
|---|---|---|---|
| 001 | 162771 | ||
| 003 | ES-MaACL | ||
| 005 | 20250814080956.0 | ||
| 008 | 021028s1867 fr |||| | fre d | ||
| 040 |
_aCCPB | B _bspa _cCCPB | B |
||
| 100 | 1 |
_aQuatrefages, Armand de, _d1810-1892 _9131507 |
|
| 245 | 1 | 0 |
_aRapport sur les progrès de l'anthropologie / _cpar A. de Quatrefages ; publication faite sous les auspices du Ministère de l'Instruction Publique. |
| 260 |
_aParis : _ba l'Imprimerie Impériale : _blibrairie de L. Hachette et C\pie\s, _c1867. |
||
| 300 |
_a570 p. ; _c26 cm. |
||
| 490 | 1 | _aRecueil de rapports sur les progrès des lettres et des sciences en France | |
| 650 | 7 |
_aAntropología física _2embne _99893 |
|
| 650 | 7 |
_aPaleontología _2embne _915808 |
|
| 710 | 1 | 1 |
_aFrancia. _bMinistère de l'Instruction Publique, _eed. _94165 |
| 752 |
_aFrancia - _dParís |
||
| 830 | 0 |
_aRecueil de rapports sur les progrès des lettres et des sciences en France _9188399 |
|
| 852 |
_aES-MaACL _jG-6856 _z-- Enc. hol. |
||
| 999 |
_c162771 _d162771 |
||